Managing without leadership / (Record no. 366367)
[ view plain ]
| 000 -LEADER | |
|---|---|
| fixed length control field | 00932nam a2200301 a 4500 |
| 001 - CONTROL NUMBER | |
| control field | vtls000406170 |
| 003 - CONTROL NUMBER IDENTIFIER | |
| control field | NLI |
| 005 - DATE AND TIME OF LATEST TRANSACTION | |
| control field | 20210603110342.0 |
| 008 - FIXED-LENGTH DATA ELEMENTS--GENERAL INFORMATION | |
| fixed length control field | 110211s2005 ne 001 0 eng |
| 020 ## - INTERNATIONAL STANDARD BOOK NUMBER | |
| International Standard Book Number | 0080433529 : |
| Terms of availability | USD 99.99 |
| 039 #9 - LEVEL OF BIBLIOGRAPHIC CONTROL AND CODING DETAIL [OBSOLETE] | |
| -- | 201102112235 |
| -- | Vargis_01 |
| 040 ## - CATALOGING SOURCE | |
| Original cataloging agency | NLI |
| Language of cataloging | eng |
| Transcribing agency | Vergis_S |
| Description conventions | AACR2 |
| 041 0# - LANGUAGE CODE | |
| Language code of text/sound track or separate title | eng |
| 044 ## - COUNTRY OF PUBLISHING/PRODUCING ENTITY CODE | |
| MARC country code | ne |
| 082 04 - DEWEY DECIMAL CLASSIFICATION NUMBER | |
| Classification number | 658.4092 |
| 100 1# - MAIN ENTRY--PERSONAL NAME | |
| Personal name | Lakomski, Gabriele |
| 9 (RLIN) | 353518 |
| 245 10 - TITLE STATEMENT | |
| Title | Managing without leadership / |
| Statement of responsibility, etc. | towards a theory of organizational functioning / |
| -- | Gabriele Lakomski |
| 260 ## - PUBLICATION, DISTRIBUTION, ETC. | |
| Place of publication, distribution, etc. | Amsterdam : |
| Name of publisher, distributor, etc. | Elsevier, |
| Date of publication, distribution, etc. | 2005 |
| 300 ## - PHYSICAL DESCRIPTION | |
| Extent | xiv, 159 p. ; |
| Dimensions | 25 cm. |
| 500 ## - GENERAL NOTE | |
| General note | Includes index |
| 650 #0 - SUBJECT ADDED ENTRY--TOPICAL TERM | |
| Topical term or geographic name entry element | Management |
| General subdivision | History |
| 9 (RLIN) | 67270 |
| 650 #0 - SUBJECT ADDED ENTRY--TOPICAL TERM | |
| Topical term or geographic name entry element | Executives |
| General subdivision | Training of |
| -- | History |
| 9 (RLIN) | 593352 |
| 887 ## - NON-MARC INFORMATION FIELD | |
| Content of non-MARC field | |
| 901 ## - LOCAL DATA ELEMENT A, LDA (RLIN) | |
| a | 551156 |
| b | 26.10.2005 |
| 902 ## - LOCAL DATA ELEMENT B, LDB (RLIN) | |
| a | E/O 658.4092 L 149 |
| 942 ## - ADDED ENTRY ELEMENTS (KOHA) | |
| Source of classification or shelving scheme | Dewey Decimal Classification |
| Koha item type | Books |
| 949 ## - LOCAL PROCESSING INFORMATION (OCLC) | |
| -- | VIRTUAITEM |
| -- | 10000 |
| -- | 100 |
| 6 | PUR000551156ENG |
| Withdrawn status | Lost status | Damaged status | Not for loan | Collection code | Home library | Current library | Shelving location | Date acquired | Total Checkouts | Full call number | Barcode | Date last seen | Price effective from | Koha item type |
|---|---|---|---|---|---|---|---|---|---|---|---|---|---|---|
| New English Oversized | National Library of India | National Library of India | New English Oversized - Main Stack Division | E/O 658.4092 L 149 | PUR000551156ENG | 03/06/2021 | 03/06/2021 | Books |
